000 00340nam a2200157Ia 4500
100 _aBayross/Ivan
650 _aJava
942 _cBK
366 _f20
654 _ajava
245 _aThe Chronicles of Java on Linux
260 _bBPB Publications
_aNew Delhi
_c2005
082 _a005.133/BAY
_bBAY
300 _a414
546 _aENGLISH
999 _c20535
_d20535